Представление документа в формате RUSMARC

ПолеНазваниеЗначение
  Тип записи a
  Библиографический уровень c
001 Контрольный номер LIBNET\0000072839
005 Дата корректировки 20201206205111.7
010 Индекс ISBN __
a ISBN 978-0-2307-1692-6
d Цена 1876-08
100 Данные общей обработки __
a Данные общей обработки 19171123d2009||||||| 0engy0189 ca
101 Язык документа 0_
a Язык текста eng
102 Страна публикации __
a Страна публикации GB|
105 Кодированные данные (монография) __
a Кодированные данные (монография) #|||||||001zy
200 Заглавие и сведения об ответственности 1_
a Заглавие Love stories
f Первые сведения об ответственности edited by Lesley Thompson
b Общее обозначение материала Текст
200 Заглавие и сведения об ответственности __
d Параллельное заглавие Любовные истории
210 Выходные данные __
a Место издания Oxford
c Издательство Macmillan
d Дата издания 2009
215 Физическое описание __
a Объем 187 с.
d Формат 20 см
225 Серия __
a Серия Macmillan literature collections
327 Примечание о содержании __
a Примечание о содержании Second best / Lawrence D. H.
327 Примечание о содержании __
a Примечание о содержании Bliss / Mansfield K. A.
327 Примечание о содержании __
a Примечание о содержании Shocking accident / Greene G.
327 Примечание о содержании __
a Примечание о содержании The Jilting of Jane / Wells H.G.
327 Примечание о содержании __
a Примечание о содержании A Christmas song / Bates H. E.
327 Примечание о содержании __
a Примечание о содержании The Sensible thing / Fitzgerald F. S.
330 Аннотация __
a Аннотация Сборник состоит из оригинальных неадаптированных рассказов, включает толковый словарик, вопросы и упражнения для понимания текста, а также литературный анализ каждой истории.
333 Примечание о целевом назначении __
a Примечание о целевом назначении 16+. Для детей старше 16 лет
517 Другие варианты заглавия __
a Другие варианты заглавия Second best
517 Другие варианты заглавия __
a Другие варианты заглавия Bliss
517 Другие варианты заглавия __
a Другие варианты заглавия Shocking accident
517 Другие варианты заглавия __
a Другие варианты заглавия The Jilting of Jane
517 Другие варианты заглавия __
a Другие варианты заглавия A Christmas song
517 Другие варианты заглавия __
a Другие варианты заглавия The Sensible thing
606 Тематические рубрики __
a Основная рубрика Художественная литература
606 Тематические рубрики __
a Основная рубрика Литература Европы (произведения)
606 Тематические рубрики __
a Основная рубрика Литература Америки (произведения)
610 Ключевые слова __
a Ключевые слова американская литература
a Ключевые слова английская литература
a Ключевые слова английский язык
a Ключевые слова изучение английского языка
a Ключевые слова рассказы
a Ключевые слова тема любви
a Ключевые слова тема отношений
686 Индексы других классификаций __
2 Код системы rubbks
a Классификационный индекс 84(0)6-4
702 Вторичная интеллектуальная ответственность _1
a Фамилия Thompson
b Имя L.
4 Код отношения Редактор
g Полное личное имя Lesley
4 Код отношения 340
702 Вторичная интеллектуальная ответственность _1
a Фамилия Lawrence
b Имя D. H.
4 Код отношения Автор
4 Код отношения 070
702 Вторичная интеллектуальная ответственность _1
a Фамилия Mansfield
b Имя K. A.
4 Код отношения Автор
4 Код отношения 070
702 Вторичная интеллектуальная ответственность _1
a Фамилия Greene
b Имя G.
4 Код отношения Автор
4 Код отношения 070
702 Вторичная интеллектуальная ответственность _1
a Фамилия Wells
b Имя H.G.
4 Код отношения Автор
4 Код отношения 070
702 Вторичная интеллектуальная ответственность _1
a Фамилия Bates
b Имя H. E.
4 Код отношения Автор
4 Код отношения 070
702 Вторичная интеллектуальная ответственность _1
a Фамилия Fitzgerald
b Имя F. S.
4 Код отношения Автор
4 Код отношения 070
801 Источник записи _0
a Страна GB
b Организация Свердловская ОУНБ
c Дата составления 20171123
g Правила каталогизации RCR
801 Источник записи _2
a Страна GB
b Организация Муниципальное бюджетное учреждение культуры "Централизованная библиотечная система" г. Сургут (Центральная городская библиотека им. А. С. Пушкина)
c Дата составления 20171123
852 Данные о местонахождении __
j Шифр хранения 84(0)6-4
i Авторский знак L 94
901 Тип документа __
a Ответственный КиК/Котельникова
t Тип документа x
903 Характеристики (МАРС) __
a Дата передачи 20171123
969 Тип издания __
a Тип издания сборник
990 Данные о заказе (DOS) __
j Количество экземпляров (DOS) 1
t N записи в КСУ для И/У (DOS) 201711